| 000 -LEADER |
| fixed length control field |
00482nam a22001217a 4500 |
| 008 - FIXED-LENGTH DATA ELEMENTS--GENERAL INFORMATION |
| fixed length control field |
250109b ||||| |||| 00| 0 eng d |
| 020 ## - INTERNATIONAL STANDARD BOOK NUMBER |
| International Standard Book Number |
9780006647553 |
| 082 ## - DEWEY DECIMAL CLASSIFICATION NUMBER |
| Classification number |
823.914 |
| 100 ## - MAIN ENTRY--PERSONAL NAME |
| Personal name |
Judith Kerr |
| Relator term |
Kerr,Judith |
| 245 ## - TITLE STATEMENT |
| Title |
MOG'S Bad Thing |
| 500 ## - GENERAL NOTE |
| General note |
Mog always seems to be in trouble. She forgets that she has a cat flap and she forgets that she has already eaten her supper. But, one night, Mog's forgetfulness comes in very handy. |
| 942 ## - ADDED ENTRY ELEMENTS (KOHA) |
| Source of classification or shelving scheme |
|
| Classification part |
823.914 |